UBT Library

Fact book on aging / (Record no. 40868)

000 -LEADER
fixed length control field 00732pam a2200241 a 4500
001 - CONTROL NUMBER
control field 2943679
005 - DATE AND TIME OF LATEST TRANSACTION
control field 20180124075907.0
008 - FIXED-LENGTH DATA ELEMENTS--GENERAL INFORMATION
fixed length control field 900327s1990 cau bf 001 0 eng
010 ## - LIBRARY OF CONGRESS CONTROL NUMBER
LC control number 90034667
020 ## - INTERNATIONAL STANDARD BOOK NUMBER
International Standard Book Number 0874362849 (alk. paper)
040 ## - CATALOGING SOURCE
Original cataloging agency DLC
Transcribing agency DLC
Modifying agency DLC
041 ## - LANGUAGE CODE
Language code of text/sound track or separate title eng
043 ## - GEOGRAPHIC AREA CODE
Geographic area code n-us---
080 ## - UNIVERSAL DECIMAL CLASSIFICATION NUMBER
Universal Decimal Classification number 305.260973 VIE
082 00 - DEWEY DECIMAL CLASSIFICATION NUMBER
Classification number 305.260973 VIE
Edition number 20
100 1# - Rafti
Rafti 50
101 ## - Shkurtesa
Shkurtesa SOC
245 10 - TITLE STATEMENT
Title Fact book on aging /
Statement of responsibility, etc Elizabeth Vierck.
504 ## - BIBLIOGRAPHY, ETC. NOTE
Bibliography, etc Includes bibliographical references (p. 172-184) and index.
906 ## - LOCAL DATA ELEMENT F, LDF (RLIN)
a 7
b cbc
c orignew
d 1
e ocip
f 19
g y-gencatlg
942 ## - ADDED ENTRY ELEMENTS (KOHA)
Source of classification or shelving scheme
Item type Books
Holdings
Withdrawn status Lost status Source of classification or shelving scheme Damaged status Not for loan Collection code Permanent location Current location Shelving location Date acquired Total Checkouts Full call number Barcode Date last seen Price effective from Koha item type
          Koleksioni i përgjithshem UBT - Lipjan UBT - Lipjan Koleksioni i përgjithshem 01/24/2018   305.260973 VIE 002-2996211 01/24/2018 01/24/2018 Books
UBT Library © 2015-2024. All rights reserved University Education for Business and Technology